| 000 | 01219nam a22003617a 4500 | ||
|---|---|---|---|
| 001 | 0034699 | ||
| 003 | KOHA_MİRAKIL | ||
| 005 | 20260207002925.0 | ||
| 007 | |||
| 008 | 120103b tu |||g|||||#||||0|tur | | ||
| 040 |
_aTR-BiSEU _btur _cTR-BiSEU _erda |
||
| 041 | 0 | _atur | |
| 044 | _ctu | ||
| 050 | 0 | 0 |
_aDVD _b34699 |
| 245 | 0 |
_aIşık Yenersu : _btiyatronun narin, çetin divası/ _cTRT. |
|
| 264 | 1 |
_aAnkara : _bTRT _c[t.y.] |
|
| 300 | _a1 müzik cd'si | ||
| 336 |
_adokunsal metin _btct _2rdacontent |
||
| 337 |
_aaracısız _bn _2rdamedia |
||
| 338 |
_acilt _bnc _2rdacarrier |
||
| 500 | _ayapım-yönetim Kerime Senyücel ; kamera Baluk Ertuğrul ; müzik Derya Köroğlu | ||
| 500 | _aVCD format. | ||
| 650 | 0 |
_aYenersu, Işık. _966862 |
|
| 650 | 0 |
_aVideo Recordings Collection. _966863 |
|
| 650 | 0 |
_aDocumentary films. _961599 |
|
| 650 | 0 |
_aActors--Biography--Turkey. _966864 |
|
| 650 | 0 |
_aTheatrical producers and directors--Biography--Turkey. _966865 |
|
| 650 | 0 |
_aVideo kayıt koleksiyonu. _966866 |
|
| 650 | 0 |
_aBelgesel filmler. _931092 |
|
| 650 | 0 |
_aOyuncular--Biyografi--Türkiye. _966867 |
|
| 650 | 0 |
_aTiyatro yapımcıları ve yönetmenleri--Biyografi--Türkiye. _966868 |
|
| 942 |
_2lcc _cNP |
||
| 999 |
_c34607 _d34607 |
||